History Quiz

Random History or Biography Quiz

Famous French People Quiz Stats

 Plays Quiz Updated Oct 11, 2013

Support Sporcle.
Go Orange.
Score 0/25 Timer 05:00
1 Play Today
Clue Answer % Correct
Emperor who conquered much of EuropeNapoleon Bonaparte
94.8%
Inventor of a system of raised dots which form letters for the visually impaired to readLouis Braille
88.9%
The 'Maid of Orleans' who helped France win the 100 Years WarJoan of Arc
86.7%
Designer of a tower for the Paris World Fair 1889Gustave Eiffel
86.7%
Leading Impressionist painter famous for 'Impression, Sunrise' and 'Water-lillies'Claude Monet
83.6%
General who became President of France 1959-69Charles de Gaulle
83.5%
Author of 'Les Misérables' and 'The Hunchback of Notre-Dame'Victor Hugo
80.9%
Author of 'The Three Musketeers' and 'The Count of Monte Cristo'Alexandre Dumas
71.8%
Sculptor of 'The Kiss' and 'The Thinker'Auguste Rodin
65.9%
Chemist and microbiologist, creator of early vaccines, for rabies and anthraxLouis Pasteur
61%
Philosopher famous for the Latin statement 'Cogito ergo sum' (I think, therefore I am)René Descartes
60.7%
Defended the 'Reign of Terror' with his speech 'On the Principles of Political Morality'; guillotined 1794Maximilien Robespierre
53.3%
General who played a key role in the American Revolution and in two French revolutionsGilbert du Motier, Marquis de Lafayette
48.9%
Clue Answer % Correct
Prolific artist 1834–1917 best known for his paintings of ballet dancers and racetracks Edgar Degas
42.6%
Actor and mime most famous for his persona as Bip the ClownMarcel Marceau
38.3%
Explorer who claimed Canada for France following three expeditions in the 1530s and 40sJacques Cartier
29.9%
Brothers and inventors of the hot air balloon, first ascent 1783Joseph and Jacques Montgolfier
23.2%
Singer and entertainer best known for the song 'Thank Heaven for Little Girls' and the film 'The Love Parade'Maurice Chevalier
21.7%
Mathematician, philosopher and writer 1623-1662, inventor of the mechanical calculatorBlaise Pascal
20.4%
Composer of 'The Carnival of the Animals' and 'Samson and Delilah'Camille Saint-Saëns
19.8%
Navigator, cartographer, soldier and explorer 1574-1635. Founder of New France and Quebec City in 1608Samuel de Champlain
17.9%
First man to fly the English Channel 1909Louis Blériot
12.9%
Leader of the French Resistance during WW2, killed 1943Jean Moulin
9.6%
Marshall, 'Prince de la Moskowa' and the 'Bravest of the Brave', executed for treason 1815Michel Ney
8.7%
Diplomat responsible for the building of the Suez CanalFerdinand de Lesseps
7.2%

From the Vault

Higher or Lower: TV Shows

by gamelord2007

We're not talking about channel numbers here.
Remove Ads.
Support Sporcle.
Get the best of Sporcle when you Go Orange. This ad-free experience offers more features, more stats, and more fun while also helping to support Sporcle. Thank you for becoming a member.

Show Comments

Extras

Top Quizzes Today


Score Distribution

Your Account Isn't Verified!

In order to create a playlist on Sporcle, you need to verify the email address you used during registration. Go to your Sporcle Settings to finish the process.

Report this User

Report this user for behavior that violates our Community Guidelines.

Details: